BSOP header

Glad news! God loves you my Muslim friend {ch} / (Record no. 33787)

MARC details
000 -LEADER
fixed length control field 00772nam a2200217 4500
008 - FIXED-LENGTH DATA ELEMENTS--GENERAL INFORMATION
fixed length control field 091106s2006 cau 000 0 chi
020 ## - INTERNATIONAL STANDARD BOOK NUMBER
International Standard Book Number 188454391X
020 ## - INTERNATIONAL STANDARD BOOK NUMBER
International Standard Book Number 9781884543913
090 ## - LOCALLY ASSIGNED LC-TYPE CALL NUMBER (OCLC); LOCAL CALL NUMBER (OCLC)
Classification number (OCLC) (R) ; Classification number, CALL (RLIN) (NR) BV2625
Local cutter number (OCLC) ; Book number/undivided call number, CALL (RLIN) T15
-- 2006
100 1# - MAIN ENTRY--PERSONAL NAME
Personal name Tanaglo, Samy
245 10 - TITLE STATEMENT
Title Glad news! God loves you my Muslim friend {ch} /
Statement of responsibility, etc Samy Tanaglo
260 ## - PUBLICATION, DISTRIBUTION, ETC. (IMPRINT)
Place of publication, distribution, etc Sta. Ana, CA :
Name of publisher, distributor, etc Glad News for Muslims Inc.,
Date of publication, distribution, etc c2006
300 ## - PHYSICAL DESCRIPTION
Extent 278 p. ;
Dimensions 22 cm.
500 ## - GENERAL NOTE
General note Translated from the original English title by Authentic Publishing.
650 #4 - SUBJECT ADDED ENTRY--TOPICAL TERM
Topical term or geographic name as entry element Christianity and other religions
General subdivision Islam {ch}
650 #4 - SUBJECT ADDED ENTRY--TOPICAL TERM
Topical term or geographic name as entry element Islam
General subdivision Relations
-- Christianity {ch}
650 #4 - SUBJECT ADDED ENTRY--TOPICAL TERM
Topical term or geographic name as entry element Missions to Muslims {ch}
951 ## - EQUIVALENCE OR CROSS-REFERENCE-GEOGRAPHIC NAME/AREA NAME [OBSOLETE] [CAN/MARC only]
General subdivision 00038891
951 ## - EQUIVALENCE OR CROSS-REFERENCE-GEOGRAPHIC NAME/AREA NAME [OBSOLETE] [CAN/MARC only]
-- C-9537
-- CHBV2625/T15/2006
-- 091106135947328
-- 2000-12-21
-- CH
942 00 - ADDED ENTRY ELEMENTS (KOHA)
Koha issues (borrowed), all copies 1
Holdings
Withdrawn status Lost status Damaged status Not for loan Home library Current library Shelving location Date acquired Accession number Shelving control number Total Checkouts Full call number Barcode Date last seen Date last borrowed Price effective from Koha item type
        BSOP Library BSOP Library Chinese Books (General Circulation) 12/21/2000 C-9537 127 1 CHBV2625/T15/2006 00038891 11/14/2019 10/31/2019 02/23/2013 Books
BSOP

Biblical Seminary of the Philippines
  All rights Reserved
  © 2024

CONTACT INFORMATION

Biblical Seminary of the Philippines,
  77-B Karuhatan Road, Valenzuela City,
  PHILIPPINES 1441
  Phone: +632 8292-6795 / 8292-6798
  Fax : +632 8292-6675
  Email: library@bsop.edu.ph